000 00490nam a2200157 4500
001 8050
008 790712t19691956nyu d 00000 eng
020 _a0837120942
100 1 0 _aWinick, Charles,
_d1922-
245 1 0 _aDictionary of anthropology /
_cCharles, Winick.
260 0 _aNew York :
_bGreenwood Press,
_c[1969, c1956]
300 _avii, 578 p. ;
_c24 cm.
650 0 _aAnthropology
_xDictionaries.
650 6 _aAnthropologie
_xDictionnaires anglais.
999 _c6930
_d6930